Statistiken für Spieler, die John Part bei der Darts WM besiegten

Klicken Sie hier um das Quiz zu spielen!

Allgemein

  • Dieses Quiz wurde 36 mal gespielt
  • Das Durchschnittsergebnis liegt bei 6 aus 16

Antwortstatistiken

JahrRundeNationalitätSpieler% Korrekt
2001FinaleEnglandPhil Taylor
100%
2002ViertelfinaleEnglandPhil Taylor
100%
19981. RundeSingapurPaul Lim
85%
2012ViertelfinaleEnglandJames Wade
67%
20002. RundeEnglandDennis Smith
48%
20063. RundeEnglandWayne Mardle
41%
20111. RundeDänemarkPer Laursen
37%
19991. RundeEnglandAlan Warriner-Little
33%
20043. RundeEnglandMark Dudbridge
22%
2005AchtelfinaleEnglandMark Dudbridge
22%
20132. RundeEnglandTerry Jenkins
22%
20091. RundeUSABill Davis
15%
20102. RundeEnglandKirk Shepherd
15%
20142. RundeEnglandWes Newton
15%
20151. RundeEnglandKeegan Brown
11%
20072. RundeEnglandChris Mason
7%

Verteilung der Resultate

Perzentil nach korrekt beantworteten Fragen

Anzahl Personen mit jedem Resultat

Ihre Resultats-Entwicklung

Sie haben dieses Quiz noch nicht gespielt